000 00278nam a22001337a 4500
008 181016b xxu||||| |||| 00| 0 eng d
020 _a020120343-X
041 _aeng
080 _a510
100 _a36
101 _aMAT
245 _aGeometry
_cClemens,S.R
942 _2udc
_cBK
999 _c49873
_d49873